LEADER 01193nam a2200253 4500 001 000000342274 003 CaOOAMICUS 005 20201013094539.0 008 200925s2014 it 000 u ita r 020 $a978-88-215-9258-4 040 $aSeMil$bita 100 1 $aDi Noto, Carmelo.$0(OLS)http://semarc/name/112176 245 10$aTeresa di Gesł :$btestimone di azione e maestra di preghiera /$cCarmelo di Noto ; a cura di Maria Cecilia del Volto Santo OCD. 264 1$aMilano :$bSan Paolo,$c2014. 300 $a304 p. ;$c20 cm 600 04$aTeresa : d'Avila .$0(OLS)http://semarc/subject/1985 700 0 $aMaria Cecilia : del Volto Santo,$c.$0(OLS)http://semarc/name/20119 830 0$aParole per lo spirito ;$v54.$0(OLS)http://semarc/title/32563 850 $aSeMil 852 $aSeMil$W1$xVenegono$y1$m3H II 533$j221899$B233513$CSeMilBibl$Z2$F233513 $81 996 $6020$a978-88-215-9258-4$9(OLS)http://semarc/number/291332 996 $6245$aTeresa di Gesł :$btestimone di azione e maestra di preghiera$9(OLS)http://semarc/title/431130 996 $6264$aMilano :$bSan Paolo$9(OLS)http://semarc/publisher/31226 LEADER 01154nam a2200253 i 4500 001 000000198571 003 CaOOAMICUS 005 20110307000000.0 008 110307s1966 it u000 u ita u 013 $a177259 040 $aSeMil$bita 100 1 $aMagenes, Enrico.$0(OLS)http://semarc/name/71865 240 13$aLa fuga verso la libertą.$0(OLS)http://semarc/title/409407 240 10$aA vent'anni dal sacrificio.$0(OLS)http://semarc/title/286982 245 10$aTeresio Olivelli :$bdalla voce di due reduci dai lagern. 260 $aPavia :$bAssociazione Alunni del Collegio Ghislieri,$c1966. 300 $a31 p., [2] c. di tav. ;$c25 cm. 700 1 $aManziana, Carlo .$0(OLS)http://semarc/name/4390 700 1 $aOlivelli, Teresio <1916-1945>.$0(OLS)http://semarc/name/71866 850 $aSeMil 852 $aSeMil$W1$xVenegono$y1$m5D X 14/18$j149127$B149127$CSeMilBibl$Z2$F160533 $81 961 $aOmaggio: Altro 996 $6245$aTeresio Olivelli :$bdalla voce di due reduci dai lagern$9(OLS)http://semarc/title/286981 996 $6260$aPavia :$bAssociazione Alunni del Collegio Ghislieri$9(OLS)http://semarc/publisher/51189